| 000 | 00848nab a2200205 i 4500 | ||
|---|---|---|---|
| 001 | 768714001 | ||
| 003 | CO-MdFUSB | ||
| 005 | 20240426131235.0 | ||
| 008 | 240426t1999 us ||||| |||| 00| 0 eng d | ||
| 040 |
_bspa _cCO-MdFUSB _dCO-MdFUSB |
||
| 100 |
_aMiles, Al, _eautor |
||
| 245 |
_aWhen words abuse _c/ Al Miles |
||
| 300 |
_aVolumen 20, número 2 (spring, 1999), páginas: 96 - 100 _c; 27 cm |
||
| 520 | _aEste artículo "Cuando las palabras abusan" (traducido al español), explica cómo cuidar tanto de la víctima como del victimario en un matrimonio emocionalmente abusivo. | ||
| 546 | _aTexto en inglés. | ||
| 650 | 7 |
_aGestión de conflictos _92119 |
|
| 650 | 7 |
_aMatrimonio _9300 |
|
| 773 | 0 |
_068780 _982555 _oR2489 _tLeadership : _w(CO-MdFUSB)768714001 _gVolumen 20, número 2 (spring, 1999), páginas: 96 - 100 _qpágina: 96 |
|
| 942 | _cANA | ||
| 999 |
_c69418 _d69418 |
||